<?xml version="1.0" encoding="UTF-8"?>
<collection xmlns="http://www.loc.gov/MARC21/slim">
  <record>
    <leader>00000nam  2200000   4500</leader>
    <controlfield tag="001">INLIS000000000018616</controlfield>
    <controlfield tag="005">20241129021214</controlfield>
    <datafield tag="035" ind1="#" ind2="#">
      <subfield code="a">0010-1124000282</subfield>
    </datafield>
    <controlfield tag="007">ta</controlfield>
    <controlfield tag="008">241129################g##########0#ind##</controlfield>
    <datafield tag="082" ind1="#" ind2="#">
      <subfield code="a">613.945</subfield>
    </datafield>
    <datafield tag="084" ind1="#" ind2="#">
      <subfield code="a">613.945 RAH w</subfield>
    </datafield>
    <datafield tag="100" ind1=" " ind2="#">
      <subfield code="a">Rahardjo, Julfita</subfield>
    </datafield>
    <datafield tag="245" ind1="1" ind2="#">
      <subfield code="a">Wanita Kota Jakarta :</subfield>
      <subfield code="b">kehidupan keluarga dan keluarga berencana /</subfield>
      <subfield code="c">Julfita Rahardjo, dkk</subfield>
    </datafield>
    <datafield tag="260" ind1="#" ind2="#">
      <subfield code="a">Yogyakarta :</subfield>
      <subfield code="b">Gadjah Mada University Press,</subfield>
      <subfield code="c">1980</subfield>
    </datafield>
    <datafield tag="300" ind1="#" ind2="#">
      <subfield code="a">xiv,,149 hlm. :</subfield>
      <subfield code="b">ill. ;</subfield>
      <subfield code="c">22 cm</subfield>
    </datafield>
    <datafield tag="650" ind1="#" ind2="4">
      <subfield code="a">Keluarga Berencana</subfield>
    </datafield>
    <datafield tag="990" ind1="#" ind2="#">
      <subfield code="a">19967</subfield>
    </datafield>
  </record>
</collection>
